História de uma instituiçao escolar secundária e sua cultura material: o ginásio mineiro de Uberlândia (1920-1960) (Record no. 601517)

000 -CABECERA
Campo de control de longitud fija 00674nab a2200169Ia 4500
003 - IDENTIFICADOR DEL NÚMERO DE CONTROL
Campo de control ES-SlBCS
005 - FECHA Y HORA DE LA ÚLTIMA TRANSACCIÓN
Campo de control 20210601133741.0
008 - CÓDIGOS DE INFORMACIÓN DE LONGITUD FIJA
Campo de control de longitud fija 140529s2009 xxu||||| |||| 00| 0 por d
041 ## - CÓDIGO DE LENGUA
Código de lengua del texto/banda sonora o título independiente por
100 1# - PUNTO DE ACCESO PRINCIPAL-NOMBRE DE PERSONA
Nombre de persona Vale Gatti, Giseli Cristina do
9 (RLIN) 209107
245 00 - MENCIÓN DE TÍTULO
Título História de uma instituiçao escolar secundária e sua cultura material: o ginásio mineiro de Uberlândia (1920-1960)
Mención de responsabilidad, etc. Giseli Cristina do Vale Gatti, Geraldo Inácio Filho, Décio Gatti
650 04 - PUNTO DE ACCESO ADICIONAL DE MATERIA-TÉRMINO DE MATERIA
Término de materia o nombre geográfico como elemento inicial Escuela Secundaria
9 (RLIN) 201562
700 1# - PUNTO DE ACCESO ADICIONAL-NOMBRE DE PERSONA
Nombre de persona Filho, Geraldo Inácio
9 (RLIN) 209104
700 1# - PUNTO DE ACCESO ADICIONAL-NOMBRE DE PERSONA
Nombre de persona Gatti, Décio
9 (RLIN) 209208
773 0# - ENLACE AL DOCUMENTO FUENTE
Título Educaçao e Filosofia
Parte(s) relacionada(s) vol. 23, nº. 46, 2009, págs. 119-144
Número de control del registro relacionado Rev1534
942 ## - ENTRADA DE ELEMENTOS AGREGADOS (KOHA)
Koha [por defecto] tipo de item Artículos de revista
Holdings
Suprimido Perdido Estropeado No para préstamo Localización permanente Localización actual Localización en estantería Fecha adquisición Préstamos totales Fecha última consulta Fecha del precio de reemplazo Tipo de item de Koha
        San Esteban San Esteban Depósito de revistas 11/07/2014   11/07/2014 11/07/2014 Artículos de revista

Bibliotecas Dominicos Provincia Hispania, 2016

Con tecnología Koha